Catalogue of the postage stamps of Norway (Record no. 605)

000 -LEADER
fixed length control field 00531nam a22001817a 4500
003 - CONTROL NUMBER IDENTIFIER
control field OSt
008 - FIXED-LENGTH DATA ELEMENTS--GENERAL INFORMATION
fixed length control field 140502b xxu||||| |||| 00| 0 eng d
041 ## - LANGUAGE CODE
Language code of text/sound track or separate title eng
100 1# - MAIN ENTRY--PERSONAL NAME
Personal name King-Farlow, R.
245 10 - TITLE STATEMENT
Title Catalogue of the postage stamps of Norway
246 10 - VARYING FORM OF TITLE
Title proper/short title a translation of "Norgeskatalogen" issued by Oslo Filatelistklubb 1947
260 ## - PUBLICATION, DISTRIBUTION, ETC. (IMPRINT)
Place of publication, distribution, etc. Oslo, Norway
Name of publisher, distributor, etc. Norsk Filatelistisk Tidsskrift
300 ## - PHYSICAL DESCRIPTION
Extent 61 pages
650 #0 - SUBJECT ADDED ENTRY--TOPICAL TERM
Topical term or geographic name as entry element Norway
650 #0 - SUBJECT ADDED ENTRY--TOPICAL TERM
Topical term or geographic name as entry element Catalogs and Price Lists
650 #0 - SUBJECT ADDED ENTRY--TOPICAL TERM
Topical term or geographic name as entry element Production
650 #0 - SUBJECT ADDED ENTRY--TOPICAL TERM
Topical term or geographic name as entry element Errors and Varieties
Holdings
Withdrawn status Lost status Source of classification or shelving scheme Materials specified (bound volume or other part) Damaged status Not for loan Collection code Permanent Location Current Location Shelving location Date acquired Total Checkouts Full call number Barcode Date last seen Price effective from Koha item type
      Soft Cover     Richard Drews Northern Philatelic Library Northern Philatelic Library General Stacks 05/02/2014   G6940 A1 K54 1000742 06/28/2015 06/28/2015 Books

Powered by Koha